The India Quick Quiz - Statistics

General Stats
  • This quiz has been taken 4 times
    3 since last reset
  • The average score is 30 of 50
Answer Stats
Q No. Questions Answer % Correct
27 India is the _# largest country in the world 7
100%
13 (Bordering Country of India) Bangladesh
100%
9 (Bordering Country of India) China
100%
37 most popular sport in India Cricket
100%
22 The Color Included in the flag of India Green
100%
19 The Official Language Of India Hindi
100%
12 (Bordering Country of India) Nepal
100%
20 The Color Included in the flag of India Orange
100%
10 (Bordering Country of India) Pakistan
100%
34 Currency of India Rupee
100%
40 The most famous Social Media app banned in India Tiktok
100%
50 India gained independence from ___ UK
100%
21 The Color Included in the flag of India White
100%
29 India has nukes (yes/no) yes
100%
31 India invented the number ____ Zero
100%
2 The Indian Independence Year 1947
67%
28 There are __ languages in India (in constitution) 22
67%
16 No. of Territories In India 8
67%
11 (Bordering Country of India) Bhutan
67%
18 The Official Language Of India English
67%
25 Most followed religion in India Hinduism
67%
17 The ocean to the South Of India Indian Ocean
67%
45 The place India is Fighting over against Pakistan Kashmir
67%
49 People in India drive on the ___ Left
67%
6 Known As "The Father of India" Mahatma Gandhi
67%
35 National fruit of India Mango
67%
14 (Bordering Country of India) Myanmar
67%
8 Capital Of India New Delhi
67%
3 Indian Independence date 15 August
33%
24 How many spokes are in the symbol in the flag of India ? 24
33%
15 No. of States In India 28
33%
47 Overseas territory of India Andaman and Nicobar
33%
7 India is in the continent ____ Asia
33%
42 National Animal of India Bengal Tiger
33%
30 Narendra Modi is in the ______ party BJP
33%
4 Current President of India Droupadi Murmu
33%
41 Longest river in India Ganga
33%
36 National Sport in India Hockey
33%
32 national anthem of India Jana Gana Mana
33%
46 Overseas territory of India Lakshadweep
33%
5 Current Prime Minister Of India Narendra Modi
33%
33 who wrote the national anthem of India ? Rabindranath Tagore
33%
39 First Indian to visit space Rakesh Sharma
33%
1 Official name of India Republic Of India
33%
44 The oldest Language in India Sanskrit
33%
43 One of the Seven Wonders of the world that is in India Taj Mahal
33%
23 The Symbol In the middle of the flag of India is called a ________ Ashoka Chakra
0%
38 India`s most successful Moon mission Chandrayaan 3
0%
26 Highest peak that is ENTIRELY in India Kanchenjunga
0%
48 The southernmost point of Mainland India Kanyakumari
0%
No matching quizzes found
Score Distribution
Percent of People with Each Score
Percentile by Number Answered
Your Score History
You have not taken this quiz since the last reset